Loading...
| Science - Other Science | 0 | 5 | 1 | 1 | 45 | 56 | 80.80 | 0 | 2 |
| Science - Physics | 0 | 4 | 1 | 0 | 35 | 56 | 76.50 | 0 | 3 |
| Pop Culture | 0 | 2 | 0 | 0 | 20 | 27 | 63.00 | 0 | 0 |
| Current Events | 0 | 1 | 0 | 1 | 10 | 104 | 104.00 | 0 | 0 |
| Geography | 0 | 1 | 0 | 0 | 10 | 55 | 55.00 | 0 | 1 |
| History - European History | 0 | 1 | 0 | 0 | 10 | 62 | 62.00 | 0 | 0 |
| Literature - World Literature | 0 | 1 | 0 | 0 | 10 | 114 | 114.00 | 0 | 0 |
| Philosophy | 0 | 1 | 0 | 0 | 10 | 81 | 81.00 | 0 | 0 |
| Religion | 0 | 1 | 0 | 1 | 10 | 110 | 110.00 | 0 | 0 |
| History - Other History | 0 | 1 | 1 | 0 | 5 | 95 | 95.00 | 0 | 0 |
| Science - Chemistry | 0 | 2 | 3 | 0 | 5 | 82 | 84.00 | 0 | 0 |
| Literature - American Literature | 0 | 0 | 0 | 0 | 0 | 0.00 | 0 | 0 | |
| Literature - British Literature | 0 | 0 | 0 | 0 | 0 | 0.00 | 0 | 0 | |
| Literature - European Literature | 0 | 0 | 0 | 0 | 0 | 0.00 | 0 | 0 | |
| Fine Arts - Other Fine Arts | 0 | 0 | 1 | 0 | -5 | 0.00 | 0 | 0 |